| 000 | 00773cam a2200193ua 4500 | ||
|---|---|---|---|
| 020 |
_a81-227-0521-5 _c32.00 |
||
| 041 |
_aeng _h |
||
| 082 |
_a670.423 _bDIR/TU |
||
| 110 | 1 |
_aDirectorate general of employment and training . _b _c() |
|
| 245 |
_aTurner first year: Assignment/test / _cDirectorate general of employment and training. _hTextual Documents |
||
| 250 |
_a1 / _b. |
||
| 260 |
_aNew Delhi : _bWiley Eastern Ltd , _c1993. |
||
| 300 | _a143 ; . | ||
| 365 | _a32.00 | ||
| 504 | _a | ||
| 942 | _cBK | ||
| 999 |
_c10283 _d10283 |
||